Phát triển và quản lý nhà nước về kinh tế dịch vụ /

Guardat en:
Dades bibliogràfiques
Autor principal: Bùi Tiến Quý, PGS. TS.
Altres autors: Nguyễn Văn Thi (dịch.), Nguyễn Trung An (dịch.)
Format: Llibre
Idioma:Vietnamese
Publicat: Tp.HCM : Thống kê, 2000.
Matèries:
Etiquetes: Afegir etiqueta
Sense etiquetes, Sigues el primer a etiquetar aquest registre!
Thư viện lưu trữ: Mạng thư viện Đại học Đà Nẵng
LEADER 01021cam a2200361 i 4500
001 000049752
003 9813
005 20030915092005.0
008 010416b2000 vm 000 vie
020 |c 20500 
040 |a IRC  |c IRC  |d IRC 
041 1 |a vie 
082 1 4 |a 338.46  |b BU-Q 
100 1 |a Bùi Tiến Quý,  |c PGS. TS. 
245 0 0 |a Phát triển và quản lý nhà nước về kinh tế dịch vụ /  |c Bùi Tiến Quý ; Người dịch: Nguyễn Văn Thi, Nguyễn Trung An. 
260 |a Tp.HCM :  |b Thống kê,  |c 2000. 
300 |a 272tr. ;  |c 20,5cm. 
630 0 4 |a Kinh tế. 
630 0 4 |a Kinh tế dịch vụ. 
650 0 4 |a Kinh tế dịch vụ. 
650 0 4 |a Kinh tế. 
700 1 |a Nguyễn Văn Thi,  |e dịch. 
700 1 |a Nguyễn Trung An,  |e dịch. 
OWN |a DUT 
999 |a From the UDN01 
TYP |a Monograph 
TYP |a Printed language 
980 |a Mạng thư viện Đại học Đà Nẵng